000
00335nam a2200133Ia 4500
008
151213s9999 xx 000 0 und d
100
_a
C.M Bowra
245
_a
The Romantic Imagination
_c
C.M Bowra
260
_a
New York
_b
Oxford University press
_c
1950
300
_a
1899 p.
650
_a
English
700
_a
C.M Bowra
999
_c
1404
_d
1404